[Event "Wch Blitz"]
[Site "Almaty"]
[Date "2022.12.29"]
[Round "2"]
[White "Burmakin, Vladimir"]
[Black "Shishkov, Andrei"]
[Result "1-0"]
[WhiteElo "2513"]
[BlackElo "2230"]
[PlyCount "78"]
[EventDate "2022.12.29"]
[EventType "swiss (blitz)"]
[EventRounds "21"]
[EventCountry "KAZ"]
[SourceTitle "CBM 212"]
[Source "ChessBase"]
[SourceDate "2023.02.28"]
[SourceVersion "1"]
[SourceVersionDate "2023.02.28"]
[SourceQuality "1"]

1. Nf3 Nf6 2. g3 b5 3. Bg2 Bb7 4. d3 e6 5. e4 d6 6. 0-0 Be7 7. c3 c5 8. Nbd2 0-0 9. Re1 Nc6 10. d4 cxd4 11. cxd4 d5 12. e5 Nd7 13. Bf1 b4 14. Bd3 a5 15. Nf1 Ba6 16. h4 Bxd3 17. Qxd3 Qb6 18. Be3 Qa6 19. Qd2 Rfc8 20. h5 a4 21. h6 g6 22. Bg5 Qa5 23. Rac1 Qd8 24. Bxe7 Qxe7 25. Ne3 Na5 26. Qd3 Qd8 27. Qb5 b3 28. a3 Rcb8 29. Qd3 Rc8 30. Rxc8 Rxc8 31. Qb5 Nc4 32. Qxa4 Nxb2 33. Qxb3 Rb8 34. Qc2 Qa5 35. Qc6 Qb5 36. Qd6 Nc4 37. Qe7 Nxe3 38. Rxe3 Nb6 39. Qf6 Kf8 1-0

[Event "Wch Blitz"]
[Site "Almaty"]
[Date "2022.12.29"]
[Round "9"]
[White "Mamedov, Edgar"]
[Black "Burmakin, Vladimir"]
[Result "1/2-1/2"]
[WhiteElo "2034"]
[BlackElo "2513"]
[PlyCount "96"]
[EventDate "2022.12.29"]
[EventType "swiss (blitz)"]
[EventRounds "21"]
[EventCountry "KAZ"]
[SourceTitle "CBM 212"]
[Source "ChessBase"]
[SourceDate "2023.02.28"]
[SourceVersion "1"]
[SourceVersionDate "2023.02.28"]
[SourceQuality "1"]

1. d4 Nf6 2. c4 e6 3. Nf3 d5 4. Nc3 c6 5. e3 Nbd7 6. Qc2 Bd6 7. Bd3 0-0 8. 0-0 Qe7 9. e4 dxc4 10. Bxc4 e5 11. h3 exd4 12. Nxd4 Ne5 13. Be2 Ng6 14. Nf5 Bxf5 15. exf5 Nf4 16. Bxf4 Bxf4 17. Bf3 Bc7 18. g3 Rad8 19. Kg2 Rd7 20. Rfe1 Qc5 21. Rad1 Rxd1 22. Rxd1 h6 23. Rd2 Re8 24. Re2 Rxe2 25. Bxe2 Be5 26. Bf3 a5 27. Qd3 Qd4 28. Qe2 Kf8 29. Qc2 Bc7 30. Nd1 Bb6 31. Ne3 Qc5 32. Qxc5+ Bxc5 33. Nc4 a4 34. Na5 Bd4 35. Nxb7 c5 36. b3 axb3 37. axb3 Ke7 38. Na5 Kd6 39. Nc4+ Ke7 40. g4 Nd7 41. Bd5 Ne5 42. Nxe5 Bxe5 43. Kf3 f6 44. Ke4 Bb2 45. f4 Ba3 46. Bc4 Bb4 47. Kf3 Ba3 48. Kg3 Bc1 1/2-1/2

[Event "Wch Rapid"]
[Site "Almaty"]
[Date "2022.12.28"]
[Round "12"]
[White "Burmakin, Vladimir"]
[Black "Postlmayer, Jakob"]
[Result "1-0"]
[WhiteElo "2412"]
[BlackElo "2182"]
[PlyCount "122"]
[EventDate "2022.12.26"]
[EventType "swiss (rapid)"]
[EventRounds "13"]
[EventCountry "KAZ"]
[SourceTitle "CBM 212"]
[Source "ChessBase"]
[SourceDate "2023.02.28"]
[SourceVersion "1"]
[SourceVersionDate "2023.02.28"]
[SourceQuality "1"]

1. Nf3 d5 2. g3 g6 3. c4 dxc4 4. Qa4+ Nc6 5. Qxc4 Bg7 6. Bg2 e5 7. d3 Nge7 8. Nc3 0-0 9. 0-0 Be6 10. Qa4 h6 11. Be3 Nd5 12. Nxd5 Bxd5 13. Rfc1 Re8 14. Rc5 Nd4 15. Rxd5 Nxe2+ 16. Kf1 Qxd5 17. Kxe2 e4 18. dxe4 Rxe4 19. Qb3 Qxb3 20. axb3 Bxb2 21. Ra2 Bg7 22. Nd2 Rb4 23. Bd5 Bf8 24. Rxa7 Rxa7 25. Bxa7 Rb5 26. Bc4 Re5+ 27. Be3 Bc5 28. Nf1 b5 29. Bd3 Kf8 30. h4 h5 31. Kd2 Bxe3+ 32. Nxe3 Ke7 33. Nc2 c6 34. b4 Kd6 35. Nd4 Re8 36. Be2 Ra8 37. Bf3 Ra2+ 38. Ke3 Ra3+ 39. Kf4 Ra2 40. Ke3 Ra3+ 41. Kf4 Ra2 42. Bxc6 Rxf2+ 43. Ke3 Rb2 44. Be8 Rg2 45. Ne2 Ke7 46. Bxb5 Rh2 47. Bc6 Kd6 48. Be4 g5 49. hxg5 h4 50. gxh4 Rxh4 51. Nd4 Rg4 52. Nf3 Kc7 53. b5 Kb6 54. Bc6 Kc7 55. Be8 f5 56. gxf6 Rg8 57. f7 Rf8 58. Ne5 Rh8 59. Ng6 Rh3+ 60. Kf4 Rh1 61. Kf5 Kb6 1-0

[Event "Wch Rapid"]
[Site "Almaty"]
[Date "2022.12.28"]
[Round "11"]
[White "Christiansen, Johan Sebastian"]
[Black "Burmakin, Vladimir"]
[Result "1-0"]
[WhiteElo "2513"]
[BlackElo "2412"]
[PlyCount "57"]
[EventDate "2022.12.26"]
[EventType "swiss (rapid)"]
[EventRounds "13"]
[EventCountry "KAZ"]
[SourceTitle "CBM 212"]
[Source "ChessBase"]
[SourceDate "2023.02.28"]
[SourceVersion "1"]
[SourceVersionDate "2023.02.28"]
[SourceQuality "1"]

1. Nf3 d5 2. c4 c6 3. g3 Nf6 4. Bg2 Bf5 5. 0-0 e6 6. cxd5 exd5 7. d3 Be7 8. Nc3 Nbd7 9. e4 dxe4 10. dxe4 Bg4 11. e5 Bxf3 12. Qxf3 Nxe5 13. Qe2 Ng6 14. f4 0-0 15. f5 Bc5+ 16. Kh1 Ne7 17. g4 Ned5 18. g5 Nxc3 19. bxc3 Nd5 20. c4 Nb4 21. Bb2 Qxg5 22. Rg1 Qh6 23. Bd5 Bxg1 24. Rxg1 cxd5 25. Qh5 Qg6 26. fxg6 hxg6 27. Qe5 f6 28. Qe6+ Rf7 29. Rxg6 1-0